El don de la sangre en el equilibrio cósmico: el sacrificio y el autosacrificio sangriento entre los antiguos mayas
Wedi'i Gadw mewn:
| Prif Awdur: | |
|---|---|
| Fformat: | Llyfr |
| Iaith: | Sbaeneg |
| Cyhoeddwyd: |
Ciudad de México
Universidad Nacional Autónoma de México
1987
|
| Pynciau: | |
| Tagiau: |
Ychwanegu Tag
Dim Tagiau, Byddwch y cyntaf i dagio'r cofnod hwn!
|
MARC
| LEADER | 00000nam a2200000 a 4500 | ||
|---|---|---|---|
| 001 | UCW9161 | ||
| 003 | CL-VaPUC | ||
| 008 | 881213e19870000MX |||||||||||||||||spa|d | ||
| 020 | |a 968360305X | ||
| 082 | 0 | 4 | |a 972.01 |b NAJ |2 21 |
| 100 | |a Nájera Coronado, Martha Ilia |e autora |9 314316 | ||
| 245 | 1 | 3 | |a El don de la sangre en el equilibrio cósmico: el sacrificio y el autosacrificio sangriento entre los antiguos mayas |
| 300 | |a 279 p | ||
| 942 | |c BK | ||
| 945 | |d 19881213 00:00:00 | ||
| 260 | |a Ciudad de México |b Universidad Nacional Autónoma de México |c 1987 | ||
| 650 | 7 | |a MITOLOGIA MAYA |2 CL-VaPUC |9 269342 | |
| 650 | 7 | |a SACRIFICIOS HUMANOS |2 CL-VaPUC |9 268051 | |
| 583 | |a last modification |c 19881213 00:00:00 |k Rodrigo Vera | ||
| 999 | |c 221196 |d 221194 | ||
| 952 | |0 0 |1 0 |4 0 |6 972_010000000000000_NAJ_1987 |7 0 |8 A |9 214261 |a BIBHIS |b BIBHIS |d 2019-11-15 |i 2828898 |o 972.01 NAJ 1987 |p 2828898 |r 2025-01-20 |w 2019-11-15 |y BK |k HIS | ||
| 952 | |0 0 |1 0 |4 0 |6 972_010000000000000_NAJ_1987 |7 0 |8 A |9 214262 |a BIBHIS |b BIBHIS |d 2019-11-15 |i 469788K |o 972.01 NAJ 1987 |p 469788K |r 2025-01-20 |w 2019-11-15 |y BK |k HIS | ||